[Event "World Cup"]
[Site "Khanty-Mansiysk RUS"]
[Date "2007.11.26"]
[Round "1.3"]
[White "Andriasian,Z"]
[Black "Onischuk,Al"]
[Result "0-1"]
[WhiteElo "2546"]
[BlackElo "2674"]
[EventDate "2007.11.24"]

1. e4 e5 2. Nf3 Nc6 3. Bb5 a6 4. Ba4 Nf6 5. O-O Be7 6. Re1 b5 7. Bb3 d6 8.
c3 O-O 9. d4 Bg4 10. Be3 exd4 11. cxd4 Na5 12. Bc2 Nc4 13. Bc1 c5 14. b3
Nb6 15. Nbd2 Re8 16. h3 Bh5 17. Bb2 Nfd7 18. a4 bxa4 19. bxa4 Rb8 20. a5
Nc8 21. Bb3 Na7 22. Ra2 Nb5 23. dxc5 Nxc5 24. Bc4 Bf6 25. Bxb5 Rxb5 26.
Bxf6 Qxf6 27. Ra3 h6 28. Qc2 Bg6 29. Qc4 Qb2 30. Ra2 Qf6 31. Ra3 Qb2 32.
Ra2 Qb4 33. Nd4 Rb7 34. f3 d5 35. Qxb4 Rxb4 36. Nc6 Rb5 37. Nd4 Rbb8 38.
Rc2 Nd3 39. Re3 Nb4 40. Rc5 dxe4 41. fxe4 Rbd8 42. N4f3 Re6 43. Rb3 Nd3 44.
Rd5 Rxd5 45. exd5 Rd6 46. Rb6 Rxd5 47. Rxa6 Kh7 48. Nc4 Rc5 49. Ne3 Nf4 50.
Ra7 Rc3 51. Kf2 Ra3 52. Ne5 Be4 53. Rxf7 Nxg2 54. N3g4 Kg8 55. Re7 Rxa5 56.
Nc4 Ra2+ 57. Kg3 Bd5 58. Rc7 Ra4 59. Nce3 Nxe3 60. Nxe3 Be6 61. Re7 Ra6 62.
h4 Kh7 63. Ng2 Ra3+ 64. Kf4 Ra4+ 65. Kg3 Bf5 66. Nf4 Kg8 67. Rc7 Ra3+ 68.
Kf2 Bg4 69. Ng6 Bh5 70. Ne7+ Kh7 71. Nd5 Rf3+ 72. Kg2 Rf5 73. Ne3 Rf4 74.
Rc4 Rf7 75. Rc5 Bf3+ 76. Kg3 Be4 77. Ng4 Rf3+ 78. Kh2 Rf4 79. Kg3 Rf3+ 80.
Kh2 Ra3 81. Ne5 Bf5 82. Kg2 Be4+ 83. Kh2 Bf5 84. Kg2 Ra4 85. Kg3 Re4 86.
Ra5 Rb4 87. Rc5 Be6 88. Ra5 Rb3+ 89. Kg2 Bf5 90. Rc5 Be4+ 91. Kh2 Bf5 92.
Kg2 Kg8 93. Ra5 Kf8 94. Ra7 Be4+ 95. Kh2 Rb5 96. Nc4 Rb4 97. Nd6 Bg6 98.
Kg3 h5 99. Rc7 Rg4+ 100. Kh3 Rd4 101. Rc6 Bd3 102. Rb6 Ke7 103. Nc8+ Kd7
104. Na7 Bf5+ 105. Kg3 Rg4+ 106. Kf3 g6 107. Rb7+ Ke6 108. Rb6+ Kf7 109.
Nb5 Rxh4 110. Nd6+ Kf6 111. Ne4+ Kg7 112. Ng5 Rg4 113. Rb7+ Kf6 114. Nh7+
Ke5 115. Re7+ Kd6 116. Re1 Ra4 117. Nf6 h4 118. Ne8+ Kd5 119. Nf6+ Kd4 120.
Kf4 Kd3+ 121. Kg5 h3 122. Re8 Kd2 123. Re7 Ra1 124. Rh7 Ke3 125. Nd5+ Kf3
126. Ne7 Kg3 0-1

[Event "World Cup"]
[Site "Khanty-Mansiysk RUS"]
[Date "2007.11.26"]
[Round "1.3"]
[White "Harikrishna,P"]
[Black "Zhao Jun"]
[Result "1/2-1/2"]
[WhiteElo "2668"]
[BlackElo "2552"]
[EventDate "2007.11.24"]

1. d4 d5 2. c4 c6 3. Nf3 Nf6 4. Nc3 e6 5. Bg5 Nbd7 6. cxd5 exd5 7. e3 Be7
8. Qc2 Nh5 9. Bxe7 Qxe7 10. O-O-O Nb6 11. h3 Nf6 12. Bd3 Be6 13. Kb1 O-O-O
14. Ne2 Kb8 15. Rc1 Ne8 16. Ne5 f6 17. Nf3 Nd6 18. Nf4 g6 19. g4 Bc8 20.
Ka1 Rhe8 21. Rhg1 Ne4 22. h4 g5 23. hxg5 fxg5 24. Nh5 Nd7 25. Ng3 Ndf6 26.
Ne5 Nxg4 27. Nxg4 Bxg4 28. Nxe4 dxe4 29. Rxg4 exd3 30. Qxd3 h5 31. Rg2 Qf6
32. a3 h4 33. Rcg1 Rd5 34. Qh7 Rh8 35. Qc2 a5 36. Qe2 Rf8 37. Qh5 Rh8 38.
Qe2 Rf8 39. Qh5 Rb5 40. Rh2 Ka7 41. Rhg2 Kb8 42. Rh2 Rf5 43. Rgg2 Qe7 44.
Qg4 c5 45. e4 Rf4 46. Qxg5 Qxg5 47. Rxg5 cxd4 48. f3 d3 49. Rd5 Rxf3 50.
Rxh4 R8f7 51. Rh8+ Kc7 52. Rhd8 Re7 53. Rxd3 Rxd3 54. Rxd3 Rxe4 1/2-1/2

[Event "World Cup"]
[Site "Khanty-Mansiysk RUS"]
[Date "2007.11.26"]
[Round "1.3"]
[White "Short,N"]
[Black "Baramidze,D"]
[Result "0-1"]
[WhiteElo "2649"]
[BlackElo "2569"]
[EventDate "2007.11.24"]

1. e4 c5 2. Nf3 d6 3. d4 cxd4 4. Nxd4 Nf6 5. Nc3 Nc6 6. h3 g6 7. Be3 Bg7 8.
Bc4 Bd7 9. O-O Rc8 10. Bb3 Na5 11. Qd3 Nxb3 12. axb3 a6 13. f4 Qc7 14. f5
Bc6 15. Rf2 O-O 16. Nxc6 Qxc6 17. Re1 e6 18. Bf4 Rcd8 19. Rd2 exf5 20. exf5
Qc5+ 21. Kh2 Qxf5 22. Qxf5 gxf5 23. Rxd6 Rxd6 24. Bxd6 Rd8 25. Bf4 b5 26.
Rd1 Rc8 27. b4 h5 28. Kg3 Rc4 29. Bd6 Kh7 30. Ra1 Rxc3+ 31. bxc3 Ne4+ 32.
Kf4 Nxd6 33. Rxa6 Nc4 34. Ra7 Kg6 35. Rb7 Be5+ 36. Kf3 Nd6 37. Rb6 Kf6 38.
Ke2 Ke6 39. Kd3 h4 40. Rb8 Kd5 41. Rb6 Bg3 42. Rb8 Kc6 43. Rf8 Be5 44. Ra8
Kd5 45. Ra5 Ke6 46. Ra6 f4 47. Rc6 Kf5 48. Rc5 f6 49. Rd5 f3 50. gxf3 Kf4
51. Ke2 Kg3 52. c4 bxc4 53. b5 Kxh3 54. f4 Bxf4 55. Kf3 Be5 56. b6 c3 57.
Rc5 Kh2 58. Rc7 Nf5 59. Rc8 Nd4+ 60. Ke4 Nxc2 61. b7 Nb4 62. Rxc3 Kg2 63.
Rc8 Na6 64. Rg8+ Bg3 65. Ra8 Nc5+ 66. Kf5 Nxb7 67. Ra2+ Bf2 68. Kxf6 h3 69.
Ra8 Bh4+ 70. Kf5 h2 71. Ra1 Nc5 72. Rd1 Nd3 0-1

[Event "World Cup"]
[Site "Khanty-Mansiysk RUS"]
[Date "2007.11.26"]
[Round "1.3"]
[White "Tomashevsky,E"]
[Black "Mamedov,Rau"]
[Result "1-0"]
[WhiteElo "2646"]
[BlackElo "2586"]
[EventDate "2007.11.24"]

1. Nf3 c5 2. c4 Nf6 3. g3 e6 4. Bg2 Nc6 5. O-O Be7 6. d4 cxd4 7. Nxd4 O-O
8. Nc3 a6 9. b3 d5 10. cxd5 exd5 11. Bb2 Be6 12. Rc1 Rc8 13. Na4 Nxd4 14.
Qxd4 Qa5 15. Qb6 Rxc1 16. Qxa5 1-0

[Event "World Cup"]
[Site "Khanty-Mansiysk RUS"]
[Date "2007.11.26"]
[Round "1.3"]
[White "Gagunashvili,M"]
[Black "Zhang Pengxiang"]
[Result "1/2-1/2"]
[WhiteElo "2584"]
[BlackElo "2644"]
[EventDate "2007.11.24"]

1. d4 d5 2. c4 c6 3. Nf3 dxc4 4. e3 Be6 5. Qc2 Nf6 6. Bxc4 Bxc4 7. Qxc4 e6
8. O-O Nbd7 9. Nc3 Be7 10. e4 O-O 11. Rd1 a5 12. a4 Qb6 13. Qe2 Qa6 14. Qc2
Rfc8 15. h3 b5 16. Ne2 bxa4 17. Nc3 Bb4 18. Nxa4 h6 19. Be3 Qb7 20. Rac1
Qb5 21. b3 Qb7 22. Nd2 Ne8 23. Nc4 Nd6 24. Nxd6 Bxd6 25. Qd3 Rab8 26. Rb1
Qb5 27. Qc2 Bb4 28. Nc3 Bxc3 29. Qxc3 Qa6 30. Ra1 Rb5 31. Ra3 Nf6 32. Qc2
Qb7 33. Rda1 Rb8 34. Bf4 Rd8 35. Be5 Nd7 36. Bd6 Qb6 37. Qc3 c5 38. dxc5
Nxc5 39. Bxc5 Rxc5 40. Qe3 Qc7 41. Qe1 Rc3 42. Rxa5 Rxb3 43. Ra8 Rxa8 44.
Rxa8+ Kh7 45. Ra1 Qe5 46. Rb1 Rd3 47. Qe2 Rd4 48. Re1 g5 49. Qe3 Kg7 50.
Qe2 Qf4 51. Qb2 e5 52. Qe2 Rd2 53. Qe3 h5 54. g3 Qxe3 55. Rxe3 g4 1/2-1/2

[Event "World Cup"]
[Site "Khanty-Mansiysk RUS"]
[Date "2007.11.26"]
[Round "1.3"]
[White "Akobian,V"]
[Black "Roiz,M"]
[Result "1/2-1/2"]
[WhiteElo "2585"]
[BlackElo "2644"]
[EventDate "2007.11.24"]

1. d4 Nf6 2. c4 c6 3. Nf3 d5 4. Nc3 a6 5. c5 Bf5 6. Bf4 Nbd7 7. e3 g6 8.
Be2 Bg7 9. Nd2 O-O 10. g4 Be6 11. b4 Ne8 12. Nb3 f5 13. h3 Nc7 14. a4 fxg4
15. hxg4 Bf7 16. Bg5 Qe8 17. f4 e5 18. fxe5 Nxe5 19. Bf4 Nc4 20. Bxc7 Qe7
21. Bf4 g5 22. Bd6 Nxd6 23. cxd6 Qxd6 24. Nc5 Bg6 25. Rh3 b6 26. Nd3 a5 27.
bxa5 Rxa5 28. Ne5 Bxe5 29. dxe5 Qxe5 30. Qd4 Qxd4 31. exd4 b5 32. Bd3 Bxd3
33. Rxd3 Rf4 34. Ra2 bxa4 35. Rxa4 Rxa4 36. Nxa4 Rxg4 37. Nc5 h5 38. Nd7
Kg7 39. Nb8 Rg1+ 40. Kd2 h4 41. Nxc6 g4 42. Ne5 h3 43. Nxg4 Rxg4 44. Rxh3
Rxd4+ 45. Rd3 Rxd3+ 1/2-1/2

[Event "World Cup"]
[Site "Khanty-Mansiysk RUS"]
[Date "2007.11.26"]
[Round "1.3"]
[White "Avrukh,B"]
[Black "Milos,G"]
[Result "1-0"]
[WhiteElo "2641"]
[BlackElo "2592"]
[EventDate "2007.11.24"]

1. d4 d5 2. c4 dxc4 3. Nf3 Nf6 4. e3 e6 5. Bxc4 c5 6. Qe2 Nc6 7. O-O a6 8.
dxc5 Bxc5 9. e4 Qc7 10. e5 Nd7 11. Bf4 Nd4 12. Nxd4 Bxd4 13. Rc1 Qb8 14.
Re1 b5 15. Bd3 Nc5 16. Nc3 f5 17. Bc2 O-O 18. Rad1 Bxc3 19. bxc3 Bb7 20. c4
b4 21. Rd6 Qc7 22. Be3 Rae8 23. f3 Bc8 24. Red1 a5 25. Qf2 Nb7 26. Ba4 Qxc4
27. Rc6 1-0

[Event "World Cup"]
[Site "Khanty-Mansiysk RUS"]
[Date "2007.11.26"]
[Round "1.3"]
[White "Sakaev,K"]
[Black "Vitiugov,N"]
[Result "1-0"]
[WhiteElo "2634"]
[BlackElo "2594"]
[EventDate "2007.11.24"]

1. d4 Nf6 2. c4 e6 3. Nf3 d5 4. Nc3 Bb4 5. cxd5 exd5 6. Bg5 Nbd7 7. Nd2 c6
8. e3 O-O 9. Bd3 Re8 10. Qc2 Nf8 11. O-O-O Be6 12. Kb1 Rc8 13. Nb3 b6 14.
Ba6 Rb8 15. Be2 Ng6 16. h4 h6 17. h5 Nf8 18. Bh4 Be7 19. Bg3 Bd6 20. Bh4
Be7 21. Ka1 a5 22. Nd2 N8d7 23. Rhg1 Bg4 24. f3 Bxh5 25. Bd3 Nf8 26. g4 Bg6
27. g5 hxg5 28. Bxg5 Nh5 29. Bxg6 fxg6 30. Bxe7 Qxe7 31. e4 Nf4 32. Nf1
N8e6 33. Ne3 Rbd8 34. Qh2 Kf7 35. Ng4 Rh8 36. Ne5+ Kg8 37. Qg3 Qe8 38. exd5
cxd5 39. Rde1 g5 40. Rh1 Rh6 41. a3 b5 42. Rxh6 gxh6 43. Qh2 Kg7 44. Ng4 h5
45. Ne3 b4 46. Ncxd5 Nxd5 47. Qe5+ Nf6 48. Nf5+ Kg6 49. Nd6 Rxd6 50. Qxd6
bxa3 51. Rxe6 axb2+ 52. Kb1 Qf7 53. d5 h4 54. f4 h3 55. fxg5 Kxg5 56. Qe5+
Kg6 57. Qg3+ Kh7 58. Qxh3+ Nh5 59. Re5 Qg6+ 60. Qf5 Nf4 61. Qxg6+ Nxg6 62.
Re8 Kg7 63. d6 Nf8 64. d7 1-0

[Event "World Cup"]
[Site "Khanty-Mansiysk RUS"]
[Date "2007.11.26"]
[Round "1.3"]
[White "Leitao,R"]
[Black "Shulman,Y"]
[Result "0-1"]
[WhiteElo "2601"]
[BlackElo "2616"]
[EventDate "2007.11.24"]

1. d4 d5 2. c4 e6 3. Nf3 Nf6 4. Nc3 c6 5. Bg5 dxc4 6. e4 b5 7. e5 h6 8. Bh4
g5 9. Nxg5 hxg5 10. Bxg5 Nbd7 11. g3 Rg8 12. h4 Rxg5 13. hxg5 Nd5 14. g6
fxg6 15. Qg4 Qe7 16. Bg2 Kd8 17. Qxg6 Qb4 18. Qc2 Qa5 19. Kf1 b4 20. Ne4 b3
21. Qc1 bxa2 22. Rh8 Ba6 23. Ng5 Kc7 24. Nxe6+ Kb6 25. Rh7 Re8 26. Rxd7
Rxe6 27. Kg1 Be7 28. Bh3 Rg6 29. Bf5 Rg8 30. Be6 Rd8 31. b4 cxb3 32. Bxd5
cxd5 33. Rxe7 Rc8 34. Qh6+ Kb5 35. Qd6 Ka4 36. Re6 Rc2 37. Qxa6 Qxa6 38.
Rxa6+ Kb4 39. Rxa7 b2 40. Rb7+ Ka3 41. Rxa2+ Kxa2 42. Kg2 Rd2 43. e6 b1=Q
44. Rxb1 Kxb1 45. g4 Rxd4 46. Kg3 Re4 47. f4 d4 48. f5 d3 0-1

[Event "World Cup"]
[Site "Khanty-Mansiysk RUS"]
[Date "2007.11.26"]
[Round "1.3"]
[White "Bruzon Batista,L"]
[Black "Kozul,Z"]
[Result "1/2-1/2"]
[WhiteElo "2607"]
[BlackElo "2609"]
[EventDate "2007.11.24"]

1. e4 c5 2. Nf3 d6 3. d4 cxd4 4. Nxd4 Nf6 5. Nc3 Nc6 6. Bg5 e6 7. Qd2 a6 8.
O-O-O Bd7 9. f3 Be7 10. Be3 Qc7 11. Kb1 Rc8 12. g4 Ne5 13. g5 Nh5 14. f4
Nc4 15. Bxc4 Qxc4 16. f5 b5 17. Rhf1 b4 18. fxe6 fxe6 19. Nce2 g6 20. Nb3
e5 21. Nec1 Be6 22. Nd3 a5 23. Rf2 Rf8 24. Rxf8+ Kxf8 25. Qg2 Kg8 26. Nbc1
Qc6 27. Rd2 Rf8 28. h4 Bc8 29. Nb3 Qa8 30. Rd1 Be6 31. Rd2 Rc8 32. Nbc1 Qc6
33. Re2 Bf8 34. Rd2 Qc4 35. b3 Qc6 36. Bg1 Bg7 37. Qe2 Qc3 38. Nb2 Nf4 39.
Qd1 Qc6 40. Rxd6 Qxe4 41. Rd8+ Bf8 42. Rxc8 Bxc8 43. Qd8 Bf5 44. Nbd3 Qd5
45. Bb6 Qxd8 46. Bxd8 Nd5 47. Nxe5 Bg7 48. Ncd3 Nc3+ 49. Kc1 a4 50. bxa4
Nxa4 51. Bf6 Bf8 52. Nc6 Bd6 53. Ndxb4 Kf7 54. Nd3 Bg3 55. Nd4 Bxh4 56.
Ne5+ Ke8 57. Nxf5 gxf5 58. Nf3 Bg3 59. Bd4 Kf7 60. c4 Kg6 61. c5 Kh5 62. c6
Kg4 63. Ne5+ Bxe5 64. Bxe5 Nb6 65. Kd1 Kxg5 66. a4 f4 67. a5 Nc8 68. Ke2
Kf5 69. Bb8 Ke4 70. a6 Kd5 71. a7 Nxa7 72. Bxa7 Ke5 1/2-1/2

[Event "World Cup"]
[Site "Khanty-Mansiysk RUS"]
[Date "2007.11.26"]
[Round "1.3"]
[White "Bartel,Mat"]
[Black "Galkin,A"]
[Result "0-1"]
[WhiteElo "2608"]
[BlackElo "2608"]
[EventDate "2007.11.24"]

1. e4 e5 2. Nf3 Nf6 3. d4 Nxe4 4. dxe5 d5 5. Bd3 Nc6 6. O-O Bg4 7. Bb5 Bc5
8. h3 Bh5 9. Nc3 Nxc3 10. bxc3 O-O 11. g4 Bg6 12. Bd3 Be4 13. Re1 f5 14. g5
Kh8 15. Bf4 Qe8 16. Bf1 Rd8 17. Bg2 d4 18. Qe2 dxc3 19. Rad1 Qe6 20. g6
Qxg6 21. Nh4 Qe6 22. Rxd8 Rxd8 23. Bxe4 fxe4 24. Qxe4 Qxh3 25. Ng2 Nd4 26.
Re3 Qg4 27. e6 Re8 28. Qd5 b6 29. Qd7 Qg6 30. Be5 Nf5 31. Rf3 Rg8 32. Kf1
Ne7 33. Nf4 Qe4 34. Bxg7+ Rxg7 35. Nh5 Qxf3 0-1

[Event "World Cup"]
[Site "Khanty-Mansiysk RUS"]
[Date "2007.11.26"]
[Round "1.4"]
[White "Alekseev,Evgeny"]
[Black "Ismagambetov,An"]
[Result "1-0"]
[WhiteElo "2716"]
[BlackElo "2479"]
[EventDate "2007.11.24"]

1. e4 e6 2. d4 d5 3. Nc3 dxe4 4. Nxe4 Nd7 5. Nf3 Ngf6 6. Bd3 Nxe4 7. Bxe4
Nf6 8. Bg5 Qd6 9. Bd3 Qb4+ 10. Qd2 Qxb2 11. O-O Be7 12. Qf4 Qb6 13. Qg3 c5
14. Rab1 Qd8 15. dxc5 Bxc5 16. Rfd1 Qe7 17. Bb5+ Kf8 18. Ne5 h6 19. Rd7
Bxd7 20. Bxf6 Bxf2+ 21. Qxf2 gxf6 22. Nxd7+ Kg7 23. Rb3 Rhd8 24. Rg3+ Kh8
25. Qf4 1-0

[Event "World Cup"]
[Site "Khanty-Mansiysk RUS"]
[Date "2007.11.26"]
[Round "1.4"]
[White "Gopal,G"]
[Black "Kasimdzhanov,R"]
[Result "1/2-1/2"]
[WhiteElo "2520"]
[BlackElo "2690"]
[EventDate "2007.11.24"]

1. e4 e5 2. Nf3 Nc6 3. Bb5 a6 4. Ba4 Nf6 5. O-O Be7 6. Re1 d6 7. Bxc6+ bxc6
8. d4 exd4 9. Nxd4 Bd7 10. Nc3 O-O 11. Qf3 Re8 12. h3 Rb8 13. b3 Rb4 14.
Be3 g6 15. e5 dxe5 16. Nxc6 Bxc6 17. Qxc6 Qd6 18. Qxd6 Bxd6 19. Rad1 Re6
20. Nd5 Nxd5 21. Rxd5 Rb5 22. Red1 f6 23. c4 Rxd5 24. Rxd5 Kf7 25. Kf1 Ke8
26. Ke2 Bb4 27. Bd2 c6 28. Rd3 e4 29. Re3 Bc5 30. Rc3 f5 31. Be3 Bb4 32.
Rc1 Rd6 33. a3 Ba5 34. b4 Bd8 35. a4 Kd7 1/2-1/2

[Event "World Cup"]
[Site "Khanty-Mansiysk RUS"]
[Date "2007.11.26"]
[Round "1.4"]
[White "Onischuk,Al"]
[Black "Andriasian,Z"]
[Result "1/2-1/2"]
[WhiteElo "2674"]
[BlackElo "2546"]
[EventDate "2007.11.24"]

1. d4 Nf6 2. c4 c6 3. Nc3 d5 4. cxd5 cxd5 5. Nf3 g6 6. Bf4 Bg7 7. e3 O-O 8.
Bd3 Nc6 9. O-O Bf5 10. Ne5 Rc8 11. Bxf5 gxf5 12. Rc1 e6 13. h3 Na5 14. Qe2
a6 15. Na4 Nc4 16. Nc5 Nd6 17. Ned7 Nxd7 18. Bxd6 Re8 19. Nd3 Qb6 20. Bg3
Qb5 21. Qd2 a5 22. Rc2 Nb6 23. Rfc1 Rxc2 24. Rxc2 Nc4 25. Qe2 a4 26. Ne5
Rc8 27. Qh5 Qe8 28. b3 axb3 29. axb3 Nb6 30. Rxc8 Nxc8 31. Nf3 Qf8 32. Be5
f6 33. Bh2 Na7 34. g4 fxg4 35. hxg4 h6 36. Qg6 Nc6 37. Kg2 Ne7 38. Qc2 Nc6
39. Qg6 Qe7 40. Bf4 Qf7 41. Qxf7+ Kxf7 42. Bd6 e5 43. Bc5 Na5 44. Nd2 Ke6
45. Kf3 f5 46. dxe5 Bxe5 47. Bf8 fxg4+ 48. Kxg4 Bc3 49. Nb1 Be1 50. Kf3
Nxb3 51. Ke2 Ba5 52. Bxh6 b5 53. Na3 b4 54. Nc2 Kf7 55. Bf4 Nc1+ 56. Kd2
Na2 57. Nd4 b3+ 58. Kd1 b2 59. Kc2 Bc3 60. Bd6 Nc1 61. Ba3 Nd3 62. Bxb2
Bxd4 63. Bxd4 Nxf2 64. Kd2 Ke6 65. Ke2 Ne4 66. Kf3 Ng5+ 1/2-1/2

[Event "World Cup"]
[Site "Khanty-Mansiysk RUS"]
[Date "2007.11.26"]
[Round "1.4"]
[White "Zhao Jun"]
[Black "Harikrishna,P"]
[Result "1-0"]
[WhiteElo "2552"]
[BlackElo "2668"]
[EventDate "2007.11.24"]

1. d4 d5 2. c4 c6 3. Nf3 Nf6 4. Nc3 e6 5. Bg5 h6 6. Bh4 dxc4 7. e4 g5 8.
Bg3 b5 9. Be2 Bb7 10. O-O Nbd7 11. Ne5 Bg7 12. Nxd7 Nxd7 13. Bd6 a6 14. a4
e5 15. d5 c5 16. b4 cxb4 17. Bxb4 a5 18. Bd6 b4 19. Nb5 Rc8 20. Bxc4 Rxc4
21. Qb3 Rc8 22. Rac1 Bf8 23. Rxc8 Qxc8 24. Qe3 Nf6 25. Rc1 Qd8 26. Bxe5 Be7
27. d6 O-O 28. dxe7 Qxe7 29. Bd6 Qxe4 30. Qxe4 Bxe4 31. Bxf8 Kxf8 32. Nd4
Nd7 33. Nb3 Nb6 34. Nxa5 Nxa4 35. Rc4 Nc3 36. Rxb4 Bd5 37. f3 Kg7 38. Kf2
Be6 39. Nc6 Nd5 40. Rd4 Nf4 41. Ne5 Nd5 42. Nd3 Ne7 43. Nc5 Bd5 44. Ra4 Nc6
45. Nd3 Bb3 46. Ra3 Bd5 47. Ke3 Ne7 48. Kd4 Be6 49. Nc5 Nc6+ 50. Ke4 Bc4
51. Rc3 Bb5 52. Nb3 Ne7 53. Nd4 Bf1 54. Rc2 Kf6 55. Rb2 Kg6 56. Ke5 Bd3 57.
Rb7 Ng8 58. Nc6 Bf1 59. Rb2 h5 60. g3 Bh3 61. Rb6 Kg7 62. Rb7 Nh6 63. Nd4
Bc8 64. Rc7 Bh3 65. Ra7 Bc8 66. h4 gxh4 67. gxh4 Kg6 68. Rc7 f6+ 69. Kd6
Bh3 70. Ke7 Bg2 71. Rc6 Ng8+ 72. Kf8 Nh6 73. Rc2 Bh3 74. Rc7 Nf5 75. Ne2
Bf1 76. Nf4+ Kh6 77. Rc5 Ng3 78. Kg8 1-0

[Event "World Cup"]
[Site "Khanty-Mansiysk RUS"]
[Date "2007.11.26"]
[Round "1.4"]
[White "Zhang Pengxiang"]
[Black "Gagunashvili,M"]
[Result "1-0"]
[WhiteElo "2644"]
[BlackElo "2584"]
[EventDate "2007.11.24"]

1. e4 c5 2. Nf3 e6 3. d4 cxd4 4. Nxd4 Nc6 5. Nc3 Qc7 6. f4 Nxd4 7. Qxd4 a6
8. Be3 b5 9. O-O-O Bb7 10. Bd3 Rc8 11. Kb1 Nf6 12. e5 Ng4 13. Ne4 Bxe4 14.
Bxe4 Bc5 15. Qxc5 Qxc5 16. Bxc5 Rxc5 17. Rd6 Nf2 18. Re1 Rc4 19. Rxa6 Ke7
20. Bf3 Rxf4 21. a3 Rb8 22. Ra7 f6 23. Bc6 Rd4 24. c3 Rd3 25. Re2 Rb6 26.
Bf3 Nh3 27. Be4 Nf4 28. Bxd3 Nxd3 29. exf6+ gxf6 30. a4 bxa4 31. Rxa4 e5
32. Rh4 d5 33. Rxh7+ Ke6 34. h4 e4 35. g3 Kf5 36. Rg7 Rb8 37. h5 Rh8 38.
Rh2 Rh6 39. g4+ Kf4 40. Rg6 Rh8 41. h6 Kg3 42. Rd2 Nf4 43. Rxf6 e3 44. Rd1
e2 45. Re1 Kxg4 46. Kc2 Kf3 47. Rh1 Kg2 48. Rxf4 Kxh1 49. Kd2 Rxh6 50. Kxe2
Rb6 51. b4 Rc6 52. Kd3 Kg2 53. Rf5 Rd6 54. Kd4 Rd8 55. Rxd5 1-0

[Event "World Cup"]
[Site "Khanty-Mansiysk RUS"]
[Date "2007.11.26"]
[Round "1.4"]
[White "Belov,Vl"]
[Black "Khalifman,A"]
[Result "1-0"]
[WhiteElo "2587"]
[BlackElo "2643"]
[EventDate "2007.11.24"]

1. d4 Nf6 2. c4 e6 3. g3 c5 4. d5 exd5 5. cxd5 d6 6. Nc3 g6 7. Bg2 Bg7 8.
Nf3 O-O 9. O-O Re8 10. Bf4 Ne4 11. Nxe4 Rxe4 12. Nd2 Rxf4 13. gxf4 Bxb2 14.
Rb1 Bg7 15. Re1 Nd7 16. Nc4 Nf6 17. e4 Nh5 18. e5 Nxf4 19. Qf3 Nxg2 20. e6
fxe6 21. dxe6 Bxe6 22. Rxe6 Nh4 23. Qd5 Qg5+ 24. Qxg5 Nf3+ 25. Kg2 Nxg5 26.
Rxd6 b6 27. Rd7 Bd4 28. Re1 Rf8 29. f4 Rxf4 30. Re8+ Rf8 31. Rxf8+ Kxf8 32.
a4 Nf7 33. Rxa7 Ne5 34. Nxe5 Bxe5 35. Rb7 1-0

[Event "World Cup"]
[Site "Khanty-Mansiysk RUS"]
[Date "2007.11.26"]
[Round "1.4"]
[White "Milos,G"]
[Black "Avrukh,B"]
[Result "0-1"]
[WhiteElo "2592"]
[BlackElo "2641"]
[EventDate "2007.11.24"]

1. d4 Nf6 2. c4 g6 3. Nc3 d5 4. cxd5 Nxd5 5. e4 Nxc3 6. bxc3 Bg7 7. Bc4 c5
8. Ne2 O-O 9. O-O Nc6 10. Be3 Bg4 11. f3 Bd7 12. Rb1 Rc8 13. Bd3 Qc7 14.
Qe1 Rfd8 15. Qf2 Be8 16. Rfd1 Qa5 17. Rxb7 Qa4 18. Rc1 cxd4 19. cxd4 Qxa2
20. d5 Ne5 21. Bb1 Rxc1+ 22. Bxc1 Qc4 23. Be3 a5 24. h3 a4 25. Bc5 Ra8 26.
Ba3 Bb5 27. Nc1 Ng4 28. Bd3 Qc3 0-1

[Event "World Cup"]
[Site "Khanty-Mansiysk RUS"]
[Date "2007.11.26"]
[Round "1.4"]
[White "Vitiugov,N"]
[Black "Sakaev,K"]
[Result "1-0"]
[WhiteElo "2594"]
[BlackElo "2634"]
[EventDate "2007.11.24"]

1. d4 d5 2. c4 dxc4 3. Nf3 a6 4. e3 b5 5. a4 Bb7 6. b3 e6 7. bxc4 bxc4 8.
Bxc4 Nf6 9. Qb3 Bxf3 10. gxf3 c5 11. dxc5 Bxc5 12. Rg1 O-O 13. Bb2 Nbd7 14.
Nd2 g6 15. Ke2 Be7 16. Rgd1 Qa5 17. Qc3 Qxc3 18. Bxc3 Nb6 19. Bd3 Nbd5 20.
Bd4 Nb4 21. Nc4 Nxd3 22. Kxd3 Nd5 23. Rab1 Nb4+ 24. Ke2 Rac8 25. Nb6 Rc2+
26. Rd2 Rxd2+ 27. Kxd2 Rd8 28. Ke2 Nc6 29. Bc3 Rb8 30. a5 f5 31. Rc1 Kf7
32. Bd2 Na7 33. Rc7 Nb5 34. Rc6 Na7 35. Rc4 Nb5 36. Nd7 Rd8 37. Ne5+ Ke8
38. f4 Rd5 39. Rc8+ Rd8 40. Rc6 Rd6 41. Rc4 Rd5 42. Nc6 Bd6 43. Bb4 Kd7 44.
Bxd6 Kxd6 45. Nb4 Rc5 46. Rxc5 Kxc5 47. Nxa6+ Kc4 48. Kd2 h6 49. h4 h5 50.
f3 Kd5 51. Kd3 Kc6 52. Kc4 Na3+ 53. Kd4 Nc2+ 54. Kd3 Ne1+ 55. Ke2 Ng2 56.
Kf2 Nxh4 57. Kg3 g5 58. fxg5 Ng6 59. Nb4+ Kb5 60. a6 Kb6 61. f4 e5 62. Nd3
exf4+ 63. Nxf4 Ne7 64. g6 Kxa6 65. g7 Kb5 66. Nxh5 Kc5 67. Nf6 1-0

[Event "World Cup"]
[Site "Khanty-Mansiysk RUS"]
[Date "2007.11.26"]
[Round "1.4"]
[White "Kaidanov,G"]
[Black "Gurevich,M"]
[Result "1/2-1/2"]
[WhiteElo "2597"]
[BlackElo "2627"]
[EventDate "2007.11.24"]

1. d4 f5 2. g3 Nf6 3. Bg2 g6 4. c4 Bg7 5. Nc3 d6 6. d5 c6 7. Nh3 e5 8. dxe6
Bxe6 9. b3 O-O 10. Ng5 Qe7 11. O-O Na6 12. Bf4 Rad8 13. Qd2 Bc8 14. Rad1 h6
15. Nf3 g5 16. Be3 Nc5 17. Qc2 Ng4 18. Bd4 Ne5 19. b4 Ne6 20. Bxa7 Nxc4 21.
Nd4 Nxd4 22. Bxd4 Bxd4 23. Rxd4 Ne3 24. Qd2 Nxf1 25. Kxf1 Be6 26. Kg1 d5
27. h4 Qf6 28. e3 Kg7 29. a4 b6 30. hxg5 hxg5 31. b5 c5 32. Nxd5 Bxd5 33.
Rxd5 Rxd5 34. Qxd5 f4 35. exf4 gxf4 36. Be4 fxg3 37. Qd7+ Rf7 38. Qg4+ Kf8
39. Qc8+ Kg7 40. Qg4+ Kf8 1/2-1/2

[Event "World Cup"]
[Site "Khanty-Mansiysk RUS"]
[Date "2007.11.26"]
[Round "1.4"]
[White "Kozul,Z"]
[Black "Bruzon Batista,L"]
[Result "1/2-1/2"]
[WhiteElo "2609"]
[BlackElo "2607"]
[EventDate "2007.11.24"]

1. d4 d5 2. c4 c6 3. Nc3 Nf6 4. e3 e6 5. Nf3 Nbd7 6. Bd3 dxc4 7. Bxc4 b5 8.
Bd3 b4 9. Ne4 Nxe4 10. Bxe4 Bb7 11. Bd2 Bd6 12. Qa4 Qb6 13. O-O O-O 14.
Rfc1 Rfc8 15. Be1 c5 16. Bxh7+ Kxh7 17. Qxd7 Bxf3 18. gxf3 Kg8 19. a3 Rd8
20. dxc5 Bxc5 21. Qa4 bxa3 22. bxa3 Rd5 23. Qg4 Be7 24. f4 Bf6 25. Bc3 Bxc3
26. Rxc3 Rad8 27. Rac1 g6 28. Rc7 a5 29. Qh4 Rd1+ 30. Kg2 Qa6 31. Kf3 Qa8+
32. Kg3 Rxc1 33. Rxc1 Kg7 34. Qe7 Rh8 35. h4 Qe4 36. Rc7 Rf8 37. Qc5 Qh1
38. Qc1 Qa8 39. Qc6 Qb8 40. Rb7 Qa8 41. Rb6 Qd8 42. Qd6 Qc8 43. Qe5+ Kh7
44. Qxa5 Qc1 45. Kg2 Qd1 46. Qg5 Qc2 47. Qe7 Kg8 48. Qb4 Qf5 49. Kg3 Qd5
50. Rb8 Rxb8 51. Qxb8+ Kh7 52. Qb1 e5 53. Qb4 Qh1 54. fxe5 Qg1+ 55. Kf3
Qd1+ 56. Kf4 Qg1 57. Kf3 Qd1+ 58. Kg2 Qd5+ 59. Kg3 Qxe5+ 60. Qf4 Qd5 61. a4
Kg8 62. Qb8+ Kg7 63. Qb5 Qd1 64. Kh2 Qd6+ 65. Kg2 Qe6 66. Qb2+ Kh7 67. Qd4
Qc6+ 68. Kh2 Qa6 69. Qf4 Kg8 70. Qe4 Qd6+ 71. Kg2 Qa6 72. Qe8+ Kg7 73. Qb5
Qa8+ 74. Kg3 Qh1 75. Qb2+ Kg8 76. a5 Qg1+ 77. Kf3 Qd1+ 78. Kg3 Qd6+ 79. f4
Qd1 80. Qa3 Qe1+ 81. Kf3 f5 82. Qa2+ Kh7 83. a6 Qf1+ 84. Kg3 Qg1+ 85. Kh3
Qh1+ 86. Kg3 Qg1+ 87. Qg2 Qxe3+ 88. Qf3 Qg1+ 89. Kh3 Kh6 90. h5 Qa1 91. Qg2
Qxa6 92. Qg5+ Kh7 93. Qe7+ Kg8 94. Kh4 Qc6 95. Kg5 gxh5 96. Kxf5 Qh6 97.
Qe8+ Qf8+ 98. Qxf8+ Kxf8 99. Kg5 Kf7 100. Kxh5 Kf6 1/2-1/2

[Event "World Cup"]
[Site "Khanty-Mansiysk RUS"]
[Date "2007.11.26"]
[Round "1.4"]
[White "Galkin,A"]
[Black "Bartel,Mat"]
[Result "1-0"]
[WhiteElo "2608"]
[BlackElo "2608"]
[EventDate "2007.11.24"]

1. e4 e5 2. Nf3 Nc6 3. Bb5 a6 4. Ba4 Nf6 5. O-O Be7 6. d3 d6 7. c3 O-O 8.
Nbd2 b5 9. Bc2 Re8 10. Re1 Bf8 11. Nf1 h6 12. Ng3 d5 13. h3 Bb7 14. Nh2 g6
15. Ng4 Nxg4 16. hxg4 Bg7 17. exd5 Qxd5 18. Ne4 Nd8 19. Bxh6 Ne6 20. Bb3
Qd8 21. Bxg7 Kxg7 22. Bxe6 Rxe6 23. Nc5 Qh4 24. Nxe6+ fxe6 25. Re3 Rf8 26.
Qe2 Rf4 27. Rh3 Qg5 28. f3 Bd5 29. Re1 e4 30. dxe4 Bxa2 31. Qe3 Qe5 32. Qd4
1-0